000 00252nam a22000977a 4500
082 _a721.042 DES'I
245 _aDESIGN FOR MODERN MERCHANDISING STORES SHOPPING CENTERS SHOWROOMS
260 _aNEWYORK
_bF. W. DODGE
_c1954
300 _a247P
942 _cBK
999 _c568321
_d568321